[Event "DMP - II liga seniorow "]
[Site "Mrzezyno"]
[Date "2011.09.07"]
[Round "5.25"]
[White "Krogulski, Grzegorz"]
[Black "Jasnikowski, Zbigniew"]
[Result "1/2-1/2"]
[WhiteElo "2360"]
[BlackElo "2376"]
[PlyCount "66"]
[EventDate "2011.??.??"]

1. e4 c6 2. d4 d5 3. Nc3 dxe4 4. Nxe4 Nd7 5. Ng5 Ngf6 6. Bd3 e6 7. N1f3 Bd6 8.
O-O h6 9. Ne4 Nxe4 10. Bxe4 Nf6 11. Bd3 c5 12. dxc5 Bxc5 13. Qe2 Qc7 14. Bd2 a6
15. c4 b6 16. Bc3 Bb7 17. Ne5 Rd8 18. Rad1 Nd7 19. Be4 Bxe4 20. Qxe4 O-O 21.
Ng4 h5 22. Ne3 Bxe3 23. fxe3 Nc5 24. Qh4 f5 25. Bb4 Rxd1 26. Rxd1 Qc6 27. b3
Rc8 28. Rd8+ Rxd8 29. Qxd8+ Kf7 30. Bxc5 bxc5 31. Qg5 g6 32. Qd8 e5 33. Kf2 e4
1/2-1/2

[Event "DMP - II liga seniorow "]
[Site "Mrzezyno"]
[Date "2011.09.07"]
[Round "5.26"]
[White "Borkowski, Franciszek"]
[Black "Sygulski, Boguslaw"]
[Result "1/2-1/2"]
[WhiteElo "2325"]
[BlackElo "2239"]
[PlyCount "60"]
[EventDate "2011.??.??"]

1. e4 c5 2. Nf3 Nf6 3. e5 Nd5 4. g3 Nc6 5. Bg2 d6 6. exd6 Qxd6 7. O-O Bg4 8. h3
Bh5 9. d3 e6 10. Nbd2 Be7 11. Re1 O-O 12. Nc4 Qc7 13. g4 Bg6 14. Nfe5 Nxe5 15.
Nxe5 Bd6 16. Nxg6 hxg6 17. Qf3 Rad8 18. a3 Rd7 19. Bd2 Bf4 20. Be3 b6 21. Rad1
Rb8 22. Qe2 Nxe3 23. fxe3 Bg5 24. a4 Qg3 25. Qf3 Qxf3 26. Bxf3 a5 27. b3 Bf6
28. Kg2 g5 29. Be4 Be7 30. Rf1 g6 1/2-1/2

[Event "DMP - II liga seniorow "]
[Site "Mrzezyno"]
[Date "2011.09.07"]
[Round "5.27"]
[White "Markiewicz, Jerzy"]
[Black "Zyla, Janusz"]
[Result "1/2-1/2"]
[WhiteElo "2287"]
[BlackElo "2208"]
[PlyCount "62"]
[EventDate "2011.??.??"]

1. d4 d5 2. Nf3 c5 3. c4 e6 4. Nc3 Nc6 5. cxd5 exd5 6. g3 Nf6 7. Bg2 Be7 8. O-O
O-O 9. dxc5 Bxc5 10. Na4 Be7 11. Be3 Re8 12. Rc1 Bg4 13. Bc5 Rc8 14. h3 Bh5 15.
Re1 Bg6 16. Nd4 Bxc5 17. Nxc5 Qb6 18. Nxc6 Rxc6 19. Qd4 Be4 20. f3 Bg6 21. e3
h6 22. b4 Rec8 23. Nb3 Rxc1 24. Rxc1 Rxc1+ 25. Nxc1 Qc7 26. Ne2 Qc2 27. Nf4
Qxa2 28. g4 a5 29. bxa5 Qxa5 30. Qe5 Qe1+ 31. Kh2 Qd2 1/2-1/2

[Event "DMP - II liga seniorow "]
[Site "Mrzezyno"]
[Date "2011.09.07"]
[Round "5.28"]
[White "Kolasinski, Krzysztof"]
[Black "Augustyn, Sebastian"]
[Result "0-1"]
[WhiteElo "2010"]
[BlackElo "2106"]
[PlyCount "82"]
[EventDate "2011.??.??"]

1. Nf3 c5 2. g3 Nc6 3. Bg2 g6 4. O-O Bg7 5. c4 Nf6 6. Nc3 O-O 7. d3 d5 8. cxd5
Nxd5 9. Bd2 e5 10. Nxd5 Qxd5 11. Bc3 Qd8 12. Nd2 Bd7 13. a4 Re8 14. Nc4 Rb8 15.
Nd6 Re6 16. Ne4 b6 17. Qb3 a5 18. e3 Re7 19. Qd5 Qc7 20. h4 Rd8 21. Qd6 Be6 22.
Qxc7 Rxc7 23. Rfd1 h6 24. f4 f5 25. Nf2 exf4 26. gxf4 Nb4 27. Rd2 Rcd7 28. Bxb4
axb4 29. a5 Ra7 30. a6 Bc8 31. h5 Rxa6 32. Rxa6 Bxa6 33. hxg6 c4 34. d4 Rd6 35.
Nd1 Rxg6 36. Kf2 Rd6 37. Bh3 Bc8 38. Rc2 b5 39. Rc1 Ra6 40. Ke1 Kf7 41. Nf2 Be6
0-1

[Event "DMP - II liga seniorow "]
[Site "Mrzezyno"]
[Date "2011.??.??"]
[Round "5.29"]
[White "Markiewicz, Mateusz"]
[Black "Swierczewski, Marek"]
[Result "1-0"]
[WhiteElo "2032"]
[BlackElo "2159"]
[PlyCount "39"]
[EventDate "2011.??.??"]

1. e4 c5 2. c3 Nf6 3. e5 Nd5 4. d4 cxd4 5. cxd4 e6 6. Nc3 Nxc3 7. bxc3 Qc7 8.
Bd2 b6 9. Nf3 d6 10. Bd3 Nd7 11. Ng5 Bb7 12. O-O dxe5 13. Qh5 Nf6 14. Bb5+ Kd8
15. Qxf7 Bd5 16. c4 h6 17. Qxc7+ Kxc7 18. Nf7 Bxg2 19. Kxg2 Rg8 20. Nxe5 1-0

[Event "DMP - II liga seniorow "]
[Site "Mrzezyno"]
[Date "2011.09.07"]
[Round "5.30"]
[White "Barburzynska, Magdalena"]
[Black "Jalowiec, Halina"]
[Result "0-1"]
[WhiteElo "1932"]
[BlackElo "2032"]
[PlyCount "80"]
[EventDate "2011.??.??"]

1. e4 c5 2. Nf3 Nf6 3. Nc3 Nc6 4. d4 d5 5. exd5 Nxd5 6. Nxd5 Qxd5 7. dxc5 Qxc5
8. c3 Bg4 9. Be3 Qa5 10. Be2 Rd8 11. Qb3 Bc8 12. O-O e6 13. Qc2 Bd6 14. c4 O-O
15. c5 Be7 16. a3 Qc7 17. Rac1 e5 18. Ng5 g6 19. Bc4 Nd4 20. Qa4 a6 21. Nxf7
Rxf7 22. Bxd4 exd4 23. Qb3 Bg5 24. Rcd1 Kg7 25. Bxf7 Qxf7 26. Qa4 Qd5 27. Rfe1
Bf6 28. Qa5 Qc6 29. a4 Rd5 30. Qb6 Rxc5 31. Qxc6 Rxc6 32. Rc1 Bd7 33. Kf1 d3
34. Rcd1 Rd6 35. b3 Be6 36. Rxe6 Rxe6 37. Rxd3 Kf7 38. Rd7+ Re7 39. Rd3 Be5 40.
h4 Bc7 0-1

[Event "DMP - II liga seniorow "]
[Site "Mrzezyno"]
[Date "2011.09.07"]
[Round "5.31"]
[White "Zolnierowicz, Krzysztof"]
[Black "Mulet, Piotr"]
[Result "1/2-1/2"]
[WhiteElo "2230"]
[BlackElo "2284"]
[PlyCount "45"]
[EventDate "2011.??.??"]

1. e4 e6 2. d4 d5 3. exd5 exd5 4. c4 Nf6 5. Nc3 Be7 6. Nf3 O-O 7. cxd5 Nxd5 8.
Bd3 Nc6 9. O-O Ncb4 10. Bb1 Re8 11. a3 Nc6 12. Qd3 g6 13. Ba2 Be6 14. Re1 Qd7
15. Bh6 Rad8 16. Ne4 f6 17. Nc5 Bxc5 18. dxc5 Bf7 19. b4 Nce7 20. Rad1 Nf5 21.
Rxe8+ Qxe8 22. Bc1 c6 23. Bb2 1/2-1/2

[Event "DMP - II liga seniorow "]
[Site "Mrzezyno"]
[Date "2011.09.07"]
[Round "5.32"]
[White "Diczew, Filip"]
[Black "Rybak, Tomasz"]
[Result "0-1"]
[WhiteElo "2158"]
[BlackElo "2207"]
[PlyCount "95"]
[EventDate "2011.??.??"]

1. g3 c5 2. Bg2 Nc6 3. e4 g6 4. d3 Bg7 5. c3 e6 6. Be3 d6 7. Qd2 Rb8 8. Ne2
Nge7 9. O-O O-O 10. Bh6 d5 11. Bxg7 Kxg7 12. exd5 Nxd5 13. d4 cxd4 14. Nxd4
Nce7 15. Qe2 Bd7 16. c4 Nb6 17. Nc3 Qc7 18. b3 a6 19. Rfe1 Rfe8 20. Rad1 Rbd8
21. Qb2 e5 22. Nf3 f6 23. Ne4 Nc6 24. Nd6 Re6 25. c5 Nc8 26. Nc4 Re7 27. Qc3
Be6 28. b4 Red7 29. Rxd7+ Qxd7 30. Ne3 Bxa2 31. Qb2 Bf7 32. b5 axb5 33. Qxb5
Nd4 34. Qa5 Ne7 35. Qb6 Nec6 36. Rb1 Ne2+ 37. Kf1 Nc3 38. Re1 Na2 39. Qb5 Qd3+
40. Qxd3 Rxd3 41. Rc1 Rb3 42. Nd2 Rc3 43. Rxc3 Nxc3 44. Nec4 Bxc4+ 45. Nxc4 Na4
46. Bxc6 bxc6 47. Na5 Nxc5 48. Nxc6 0-1

[Event "DMP - II liga seniorow "]
[Site "Mrzezyno"]
[Date "2011.09.07"]
[Round "5.33"]
[White "Stuczynski, Andrzej"]
[Black "Galyga, Zbigniew"]
[Result "1/2-1/2"]
[WhiteElo "2257"]
[BlackElo "2147"]
[PlyCount "119"]
[EventDate "2011.??.??"]

1. e4 g6 2. d4 Bg7 3. Nc3 d6 4. f4 a6 5. Nf3 e6 6. a4 b6 7. Bd3 Ne7 8. Qe2 c5
9. Be3 Nbc6 10. Qf2 Qc7 11. O-O O-O 12. Rad1 Nb4 13. a5 Nxd3 14. cxd3 cxd4 15.
Bxd4 Bxd4 16. Qxd4 Rb8 17. Rc1 Qc5 18. axb6 Qxd4+ 19. Nxd4 Rxb6 20. Na4 Rb4 21.
Rc4 Rxc4 22. dxc4 Bb7 23. Re1 Nc6 24. Rd1 Nb4 25. e5 dxe5 26. fxe5 Rd8 27. Nc5
Ba8 28. Rd2 Rc8 29. Ndb3 a5 30. Kf2 Kg7 31. g3 Nc6 32. Nd7 a4 33. Nbc5 Nxe5 34.
Nxe6+ fxe6 35. Nxe5 Kf6 36. Nd7+ Ke7 37. Nb6 Rf8+ 38. Ke3 Bc6 39. c5 Rf3+ 40.
Kd4 Rb3 41. Nc8+ Kd7 42. Nd6 Bd5 43. Nf7 Kc6 44. Ne5+ Kb5 45. Nd3 Bc4 46. Ne5
Bd5 47. Nd3 Bc4 48. Ne5 Rb4 49. Nxc4 Rxc4+ 50. Ke5 Rxc5+ 51. Kxe6 Rh5 52. Kf6
Kc4 53. h4 Kb3 54. Re2 Rc5 55. Kg7 Rc7+ 56. Kh6 Rb7 57. Re4 Ra7 58. Re2 Rc7 59.
Re4 Rb7 60. Re2 1/2-1/2

[Event "DMP - II liga seniorow "]
[Site "Mrzezyno"]
[Date "2011.09.07"]
[Round "5.34"]
[White "Szusterowski, Radoslaw"]
[Black "Gawronski, Miroslaw"]
[Result "1-0"]
[WhiteElo "2190"]
[BlackElo "2165"]
[PlyCount "63"]
[EventDate "2011.??.??"]

1. d4 d5 2. c4 dxc4 3. e3 Nf6 4. Bxc4 a6 5. a4 Nc6 6. Nc3 Bf5 7. Nf3 e6 8. O-O
Bb4 9. Qe2 Bg6 10. Rd1 Qe7 11. Ne5 Na5 12. Ba2 Rd8 13. e4 c5 14. Nxg6 hxg6 15.
e5 Qc7 16. g3 Nd7 17. Bg5 Rc8 18. d5 Bxc3 19. dxe6 Nxe5 20. exf7+ Kf8 21. bxc3
Nxf7 22. Bf4 Qc6 23. Bd5 Qf6 24. Qg4 Re8 25. Re1 Qf5 26. Rxe8+ Kxe8 27. Qe2+
Kf8 28. Re1 Qd7 29. Bf3 g5 30. Bg4 Qc6 31. Qe7+ Kg8 32. Be6 1-0

[Event "DMP - II liga seniorow "]
[Site "Mrzezyno"]
[Date "2011.09.07"]
[Round "5.35"]
[White "Tofil, Borys"]
[Black "Sroka, Janusz"]
[Result "1-0"]
[WhiteElo "2197"]
[BlackElo "2080"]
[PlyCount "115"]
[EventDate "2011.??.??"]

1. e4 e5 2. Nc3 Bc5 3. Nf3 d6 4. Na4 Nd7 5. c3 Ngf6 6. d3 O-O 7. Bg5 Bxf2+ 8.
Kxf2 b5 9. Be2 h6 10. Bh4 c6 11. Ke1 bxa4 12. Qxa4 Qc7 13. Nd2 d5 14. Rf1 a5
15. Rf2 Nb6 16. Qc2 Nh7 17. Kf1 f5 18. exf5 Rxf5 19. Kg1 Rxf2 20. Bxf2 Nf6 21.
Rf1 Bg4 22. Nb3 Nbd7 23. Kh1 c5 24. Bg3 a4 25. Nc1 Qc6 26. Bxg4 Nxg4 27. Qe2
Qg6 28. h3 Ngf6 29. Bh2 Re8 30. Qd1 e4 31. dxe4 Rxe4 32. Nd3 Re3 33. Nf4 Qe4
34. Bg1 Rg3 35. Qe1 Rg5 36. Qxe4 Nxe4 37. Rd1 Ndf6 38. Ne6 Rf5 39. Nxc5 Ng3+
40. Kh2 Nf1+ 41. Rxf1 Rxf1 42. Nxa4 Ra1 43. a3 Kf7 44. Bd4 Ne4 45. Nb6 Ra2 46.
c4 dxc4 47. Nxc4 g5 48. Nb6 Ke6 49. a4 Nd2 50. Bg7 h5 51. Kg3 Ne4+ 52. Kf3 Nc5
53. g4 h4 54. Bc3 Nxa4 55. Nxa4 Rxa4 56. Bd2 Kf6 57. Bc3+ Ke6 58. Bd2 1-0

[Event "DMP - II liga seniorow "]
[Site "Mrzezyno"]
[Date "2011.09.07"]
[Round "5.36"]
[White "Gorczyca, Dominika"]
[Black "Garbowska, Hanna"]
[Result "0-1"]
[WhiteElo "1925"]
[BlackElo "2025"]
[PlyCount "74"]
[EventDate "2011.??.??"]

1. d4 d5 2. Nf3 e6 3. g3 Nf6 4. Bg2 Be7 5. O-O O-O 6. Nbd2 b6 7. Ne5 Bb7 8. b3
Nbd7 9. Bb2 c5 10. e3 Rc8 11. Rc1 Qc7 12. f4 Ne4 13. g4 cxd4 14. Nxe4 Nxe5 15.
Ng3 Ng6 16. Nh5 f6 17. Qxd4 Bc5 18. Qd2 Nh4 19. b4 Nxg2 20. bxc5 d4 21. exd4
Nh4 22. Qe2 Qc6 23. Ng3 bxc5 24. Ba3 Qd5 25. Bxc5 Rxc5 26. dxc5 Qxc5+ 27. Rf2
e5 28. f5 Rd8 29. Kf1 Qc6 30. c4 Rd4 31. g5 Ba6 32. Kg1 Bb7 33. Rc3 Qd6 34. Rc1
Qc5 35. Kf1 Bf3 36. Rxf3 Nxf3 37. Qxf3 Rf4 0-1

[Event "DMP - II liga seniorow "]
[Site "Mrzezyno"]
[Date "2011.09.07"]
[Round "5.37"]
[White "Kalvaitis, Sigitas"]
[Black "Gumula, Daniel"]
[Result "1/2-1/2"]
[WhiteElo "2273"]
[BlackElo "2290"]
[PlyCount "81"]
[EventDate "2011.??.??"]

1. e4 c5 2. Nf3 e6 3. c3 Nf6 4. e5 Nd5 5. d4 cxd4 6. cxd4 d6 7. a3 Bd7 8. Bd3
Bc6 9. O-O Nd7 10. b4 a6 11. Nbd2 Nf4 12. Be4 d5 13. Bc2 Bb5 14. Re1 Nd3 15.
Re3 Nxc1 16. Rxc1 Nb6 17. Bd3 Be7 18. g3 O-O 19. Bb1 a5 20. bxa5 Rxa5 21. Rcc3
Ba4 22. Qc1 g6 23. h4 Re8 24. Nh2 Bc6 25. Rf3 Bf8 26. Ng4 Nd7 27. Nb3 Ra4 28.
Qf4 Qe7 29. Nc5 Nxc5 30. Nf6+ Kh8 31. Nxe8 Qxe8 32. Rxc5 Bxc5 33. Qf6+ Kg8 34.
dxc5 Rc4 35. Qg5 d4 36. Rf6 Qf8 37. Ba2 Qxc5 38. Bxc4 Qxc4 39. Kh2 Qf1 40. Rf3
Bxf3 41. Qd8+ 1/2-1/2

[Event "DMP - II liga seniorow "]
[Site "Mrzezyno"]
[Date "2011.09.07"]
[Round "5.38"]
[White "Tokarski, Lukasz"]
[Black "Czyz, Artur"]
[Result "1-0"]
[WhiteElo "2304"]
[BlackElo "2075"]
[PlyCount "53"]
[EventDate "2011.??.??"]

1. e4 c5 2. Nf3 d6 3. d4 cxd4 4. Nxd4 Nf6 5. Nc3 g6 6. Be3 Bg7 7. f3 Nc6 8. Bc4
O-O 9. Qd2 Nd7 10. O-O-O Na5 11. Bb3 Nb6 12. Qe2 Nxb3+ 13. axb3 a5 14. Qf2 Ra6
15. h4 a4 16. h5 axb3 17. cxb3 Bd7 18. Qh4 Ra1+ 19. Kc2 Rxd1 20. Kxd1 Bf6 21.
Qf2 Nc8 22. Nd5 Bg7 23. Qh4 e6 24. Bg5 f6 25. hxg6 hxg6 26. Qh7+ Kf7 27. Bxf6
1-0

[Event "DMP - II liga seniorow "]
[Site "Mrzezyno"]
[Date "2011.09.07"]
[Round "5.39"]
[White "Cajbel, Maciej"]
[Black "Pinkas, Karol"]
[Result "0-1"]
[WhiteElo "2224"]
[BlackElo "2320"]
[PlyCount "76"]
[EventDate "2011.??.??"]

1. c4 e5 2. g3 Nf6 3. Bg2 c6 4. d4 exd4 5. Qxd4 d5 6. Nf3 Be7 7. O-O O-O 8.
cxd5 cxd5 9. Rd1 Nc6 10. Qa4 Bc5 11. Nc3 d4 12. Qb5 Bb6 13. Bg5 h6 14. Bxf6
Qxf6 15. Nd5 Qe6 16. Nxb6 axb6 17. a3 Rd8 18. Qxb6 Ra6 19. Qc7 Qe8 20. Qf4 Qxe2
21. Nxd4 Nxd4 22. Rxd4 Re8 23. Qd2 Qe5 24. Re4 Qb5 25. Bf1 Qc6 26. Rxe8+ Qxe8
27. Bxa6 bxa6 28. Rd1 Qa4 29. b3 Qg4 30. f3 Qe6 31. Re1 Qc6 32. Qd8+ Kh7 33.
Qd3+ g6 34. Kg2 Bf5 35. Qc4 Qf6 36. Re2 Be6 37. Qxa6 Bh3+ 38. Kxh3 Qxa6 0-1

[Event "DMP - II liga seniorow "]
[Site "Mrzezyno"]
[Date "2011.09.07"]
[Round "5.40"]
[White "Kolosowski, Pawel"]
[Black "Jagodzinski, Piotr"]
[Result "0-1"]
[WhiteElo "2302"]
[BlackElo "2162"]
[PlyCount "120"]
[EventDate "2011.??.??"]

1. e4 c6 2. d4 d5 3. e5 Bf5 4. c3 e6 5. Be3 Nd7 6. Nd2 a6 7. b4 Ne7 8. f4 h6 9.
Be2 Qc7 10. Ngf3 Nc8 11. O-O Be7 12. Qe1 a5 13. a3 b5 14. Nh4 Bxh4 15. Qxh4
axb4 16. axb4 Rxa1 17. Rxa1 Ncb6 18. g4 Bh7 19. Qh5 Na4 20. Rc1 Qa7 21. f5 exf5
22. gxf5 Nxe5 23. Kf2 Nd7 24. Qg4 Rg8 25. Bd3 Nf6 26. Qg3 Nb2 27. Bc2 Nc4 28.
Nxc4 bxc4 29. Re1 Kd7 30. Qh4 Qa2 31. Re2 Re8 32. Qg3 Qxc2 33. Rxc2 Ne4+ 34.
Kf3 Nxg3 35. hxg3 Bxf5 36. Ra2 Bg4+ 37. Kf2 Rc8 38. Bf4 Ke6 39. Ra7 Bh5 40. Be5
f6 41. Bc7 Kf5 42. Ba5 g5 43. Rh7 Kg6 44. Re7 Bg4 45. Bc7 h5 46. Ba5 Kf5 47.
Bb6 Bd1 48. Re1 Bc2 49. Re7 Rh8 50. Rc7 Ba4 51. Rf7 Ke6 52. Ra7 Bb5 53. Kf3 h4
54. g4 h3 55. Bc5 f5 56. gxf5+ Kxf5 57. Ra1 h2 58. Kg2 h1=Q+ 59. Rxh1 Rxh1 60.
Kxh1 Ke4 0-1

[Event "DMP - II liga seniorow "]
[Site "Mrzezyno"]
[Date "2011.09.07"]
[Round "5.41"]
[White "Czachor, Radoslaw"]
[Black "Tokarski, Bartosz"]
[Result "1-0"]
[WhiteElo "2053"]
[BlackElo "2155"]
[PlyCount "106"]
[EventDate "2011.??.??"]

1. e4 c5 2. Nf3 d6 3. d4 cxd4 4. Nxd4 Nf6 5. Nc3 a6 6. Be2 e5 7. Nb3 Be7 8. O-O
O-O 9. Kh1 b6 10. f4 Bb7 11. Bf3 Nbd7 12. Be3 Rc8 13. a4 Qc7 14. Qe1 Nc5 15.
Nxc5 dxc5 16. Qg3 Bd6 17. f5 Kh8 18. Rad1 Rfd8 19. Rd2 Be7 20. Rfd1 Rxd2 21.
Rxd2 Rd8 22. Qe1 Bc6 23. Qe2 Rxd2 24. Bxd2 Qd7 25. g4 h6 26. h4 Nh7 27. Nd5
Bxh4 28. Qxa6 Nf6 29. c4 Nxd5 30. cxd5 Bxa4 31. Qxb6 Qb5 32. Qxb5 Bxb5 33. Bc3
Bg3 34. Kg2 Bf4 35. Kf2 Kg8 36. Ba5 Bc1 37. Bc3 Bf4 38. b3 Kf8 39. Ba5 Ke7 40.
Bb6 Kd6 41. Be2 Bxe2 42. Kxe2 g6 43. Bd8 h5 44. fxg6 fxg6 45. gxh5 gxh5 46. Kf3
Bd2 47. Kg3 Be1+ 48. Kh3 Bf2 49. Bf6 Be1 50. Bh8 Bf2 51. Bg7 Bd4 52. Kh4 Ke7
53. Kxh5 Kf7 1-0

[Event "DMP - II liga seniorow "]
[Site "Mrzezyno"]
[Date "2011.09.??"]
[Round "5.42"]
[White "Guzik, Jolanta"]
[Black "Hermanowicz, Dominika"]
[Result "1-0"]
[WhiteElo "2150"]
[BlackElo "2088"]
[PlyCount "96"]
[EventDate "2011.??.??"]

1. c4 e6 2. d4 d5 3. Nc3 Nf6 4. Nf3 Be7 5. Bg5 O-O 6. e3 Nbd7 7. Qc2 b6 8. cxd5
exd5 9. Bd3 Bb7 10. O-O c5 11. Ne5 h6 12. Nxd7 Qxd7 13. Bf5 Qc6 14. Bh4 Rfe8
15. Rac1 c4 16. Rfe1 b5 17. f3 Rad8 18. Bf2 g6 19. Bh3 Bf8 20. Rcd1 Bg7 21. Bg3
Nh7 22. Bh4 Ng5 23. Bg4 f5 24. Bxg5 hxg5 25. Bh3 b4 26. Nb1 f4 27. exf4 Rxe1+
28. Rxe1 Bxd4+ 29. Kh1 Re8 30. Rd1 gxf4 31. Qd2 Be3 32. Qxb4 d4 33. Nd2 c3 34.
bxc3 dxc3 35. Qb3+ Kg7 36. Nc4 Ba6 37. Qxc3+ Kh6 38. Bd7 Rd8 39. h4 Qxc4 40.
Qf6 Rg8 41. Be6 Qa4 42. Qg5+ Kg7 43. Rd7+ Qxd7 44. Bxd7 Bc4 45. Qe7+ Bf7 46.
Be6 Rf8 47. Kh2 Bd4 48. Kh3 Kg8 1-0

[Event "DMP - II liga seniorow "]
[Site "Mrzezyno"]
[Date "2011.09.07"]
[Round "5.43"]
[White "Wisniewski, Adrian"]
[Black "Steczek, Marcin"]
[Result "1-0"]
[WhiteElo "2373"]
[BlackElo "2409"]
[PlyCount "85"]
[EventDate "2011.??.??"]

1. Nf3 Nf6 2. g3 d5 3. Bg2 c6 4. b3 Bf5 5. Bb2 e6 6. d3 h6 7. Nbd2 Nbd7 8. O-O
Bc5 9. e4 dxe4 10. dxe4 Bh7 11. Qe2 O-O 12. e5 Nd5 13. Ne4 Be7 14. c4 N5b6 15.
Rfd1 Qc7 16. a4 Bxe4 17. Qxe4 a5 18. Bc3 Nc5 19. Qc2 Nbd7 20. Rab1 Rfd8 21. Qe2
Na6 22. h4 Nb4 23. Kh2 Nc5 24. Nd4 Rd7 25. f4 Bf8 26. h5 Rad8 27. Bh3 Kh8 28.
f5 exf5 29. Bxf5 Re7 30. Nf3 Ne6 31. Nh4 Ree8 32. Rxd8 Qxd8 33. Rd1 Qc7 34. Bb1
Be7 35. Nf5 Rd8 36. Rf1 Kg8 37. Qg4 Ng5 38. e6 fxe6 39. Nxg7 Qd6 40. Re1 Nd3
41. Re2 Rf8 42. Nxe6 Nf2 43. Bh7+ 1-0

[Event "DMP - II liga seniorow "]
[Site "Mrzezyno"]
[Date "2011.09.07"]
[Round "5.44"]
[White "Meczynski, Waldemar"]
[Black "Tymrakiewicz, Rafal"]
[Result "1/2-1/2"]
[WhiteElo "2132"]
[BlackElo "2322"]
[PlyCount "66"]
[EventDate "2011.??.??"]

1. e4 Nf6 2. e5 Nd5 3. d4 d6 4. c4 Nb6 5. exd6 cxd6 6. Nc3 g6 7. Be3 Bg7 8. Bd3
Nc6 9. Nge2 O-O 10. O-O Nb4 11. b3 d5 12. c5 Nd7 13. a3 Nxd3 14. Qxd3 Nb8 15.
Ng3 Nc6 16. Rad1 Na5 17. b4 Nc4 18. Bc1 a6 19. Rfe1 Be6 20. Nf1 Bd7 21. a4 Bc6
22. b5 axb5 23. axb5 Bd7 24. Ne3 Nxe3 25. Bxe3 Ra3 26. b6 Qa8 27. Bc1 Rb3 28.
Qc2 Rb4 29. Be3 Qa6 30. Na2 Rc4 31. Qd2 Ra4 32. Nb4 Qa8 33. Rb1 Rc8 1/2-1/2

[Event "DMP - II liga seniorow "]
[Site "Mrzezyno"]
[Date "2011.09.07"]
[Round "5.45"]
[White "Zgadzaj, Rafal"]
[Black "Walaszczyk, Witold"]
[Result "1/2-1/2"]
[WhiteElo "2251"]
[BlackElo "2245"]
[PlyCount "103"]
[EventDate "2011.??.??"]

1. Nf3 d5 2. g3 Nf6 3. Bg2 Bf5 4. c4 e6 5. O-O c6 6. d3 Be7 7. Be3 Nbd7 8. Qb3
Qc8 9. Nc3 O-O 10. Rac1 dxc4 11. Qxc4 Ng4 12. Bf4 e5 13. Bd2 Nc5 14. Ne4 Nxe4
15. dxe4 Be6 16. Qc2 f6 17. h3 Nh6 18. Bxh6 gxh6 19. Kh2 Rd8 20. Nh4 Rd7 21.
Bf3 Qe8 22. Bg4 Bf8 23. b3 a5 24. Rfd1 Bxg4 25. hxg4 Rad8 26. Nf5 Qg6 27. f3 h5
28. gxh5 Qxh5+ 29. Kg2 Qf7 30. Kf2 Kh8 31. Rd3 Rxd3 32. exd3 Qd7 33. Ke2 c5 34.
f4 Qf7 35. Rh1 exf4 36. gxf4 Qg6 37. Ke3 Re8 38. Kf3 Rd8 39. Qc4 Bd6 40. Qc2
Rg8 41. Qh2 Bc7 42. Qh3 Rd8 43. Ke3 Bxf4+ 44. Ke2 Qf7 45. Qf3 Bg5 46. Qf2 b6
47. Qh2 Qd7 48. Qh3 b5 49. Rh2 c4 50. bxc4 bxc4 51. d4 Rb8 52. Qc3 1/2-1/2

[Event "DMP - II liga seniorow "]
[Site "Mrzezyno"]
[Date "2011.09.07"]
[Round "5.46"]
[White "Swiatnicki, Andrzej"]
[Black "Malecki, Rafal"]
[Result "1-0"]
[WhiteElo "2104"]
[BlackElo "2178"]
[PlyCount "67"]
[EventDate "2011.??.??"]

1. e4 d6 2. d4 Nf6 3. Nc3 g6 4. Bc4 Bg7 5. Qe2 Nfd7 6. Nf3 Nb6 7. Bb3 O-O 8.
Be3 Bg4 9. h3 Bxf3 10. Qxf3 Nc6 11. Ne2 Na5 12. O-O Nbc4 13. Bxc4 Nxc4 14. Bc1
c5 15. b3 Na5 16. Be3 Nc6 17. Rad1 cxd4 18. Nxd4 Qa5 19. Nxc6 bxc6 20. a4 Rfd8
21. Bd4 e5 22. Qc3 Qa6 23. Be3 d5 24. Qd3 Qxd3 25. Rxd3 dxe4 26. Rxd8+ Rxd8 27.
Bxa7 Rd2 28. Rc1 f5 29. a5 Rd8 30. Bb6 Ra8 31. Rd1 Ra6 32. Rd7 Bf8 33. Ra7 Rxa7
34. Bxa7 1-0

[Event "DMP - II liga seniorow "]
[Site "Mrzezyno"]
[Date "2011.09.07"]
[Round "5.47"]
[White "Chojnacki, Slawomir"]
[Black "Smagalski, Slawomir"]
[Result "1-0"]
[WhiteElo "2237"]
[BlackElo "2035"]
[PlyCount "73"]
[EventDate "2011.??.??"]

1. d4 Nf6 2. Nf3 e6 3. c3 d5 4. Bf4 c5 5. e3 Nc6 6. Nbd2 Bd6 7. g3 O-O 8. Bg2
h6 9. O-O Re8 10. Bxd6 Qxd6 11. Rc1 b6 12. Qa4 e5 13. Nc4 dxc4 14. dxe5 Nxe5
15. Nxe5 Qxe5 16. Bxa8 Bh3 17. Bg2 Bxg2 18. Kxg2 Qe4+ 19. Kg1 Ng4 20. Rfe1 Qa8
21. e4 Rxe4 22. f3 Rxe1+ 23. Rxe1 Qxf3 24. Qe8+ Kh7 25. Qe4+ Qxe4 26. Rxe4 f5
27. Re7 a5 28. Rb7 Ne5 29. a4 Nd3 30. Rxb6 Nc1 31. Kf2 g6 32. Rb7+ Kg8 33. Ke3
Kf8 34. Rb5 Nb3 35. Kf4 Ke7 36. Ke5 Nc1 37. Rb7+ 1-0

[Event "DMP - II liga seniorow "]
[Site "Mrzezyno"]
[Date "2011.09.07"]
[Round "5.48"]
[White "Swiatnicka, Malgorzata"]
[Black "Tymrakiewicz, Marianna"]
[Result "1-0"]
[WhiteElo "1822"]
[BlackElo "1870"]
[PlyCount "29"]
[EventDate "2011.??.??"]

1. e4 e5 2. d4 exd4 3. Nf3 Bb4+ 4. c3 dxc3 5. Nxc3 h6 6. Bc4 Qf6 7. e5 Qg6 8.
O-O Bxc3 9. bxc3 Ne7 10. Nd4 O-O 11. Ba3 Re8 12. Bd3 Qg5 13. f4 Qh4 14. g3 Qh3
15. Bxe7 1-0

[Event "DMP - II liga seniorow "]
[Site "Mrzezyno"]
[Date "2011.??.??"]
[Round "5.70"]
[White "Mlodzinska, Irena"]
[Black "Olszynski, Kazimierz"]
[Result "0-1"]
[WhiteElo "1926"]
[BlackElo "2222"]
[PlyCount "134"]
[EventDate "2011.??.??"]

1. e4 g6 2. d4 Bg7 3. c3 d6 4. Bd3 Nd7 5. Ne2 e6 6. O-O Ne7 7. Bg5 h6 8. Be3
O-O 9. Qd2 Kh7 10. f4 f5 11. Qc2 Nf6 12. Nd2 Bd7 13. h3 Rc8 14. e5 Nfd5 15. Bf2
dxe5 16. dxe5 Nc6 17. Nf3 Rg8 18. Kh1 Bf8 19. Rg1 Be7 20. g4 Qf8 21. Raf1 Rd8
22. a3 Be8 23. g5 h5 24. Kh2 Bc5 25. Nfd4 Nxd4 26. cxd4 Bb6 27. Bc4 Bc6 28. b4
Qe8 29. Qb3 a6 30. Ra1 Ba4 31. Qa2 Rg7 32. Bxd5 Rxd5 33. Nc3 Rd8 34. Nxa4 Qxa4
35. Rgd1 Qc6 36. Qe2 Rgd7 37. Rac1 Qb5 38. Qa2 Qd5 39. Qxd5 Rxd5 40. Rd3 R8d7
41. Rc4 Kg8 42. Kg2 a5 43. Be3 axb4 44. axb4 Rd8 45. Rd2 Ra8 46. Rd3 Ra2+ 47.
Kg3 Kf7 48. Rdc3 Ke7 49. Rc2 Ra4 50. Kg2 Kd7 51. R2c3 c6 52. Kg3 Kc7 53. Rd3
Ba7 54. Bd2 b5 55. Rc2 Rxd4 56. Rdc3 c5 57. Be3 Raxb4 58. Bxd4 Rxd4 59. Kf3 Kc6
60. Ra3 Bb6 61. Ra8 c4 62. Rg8 b4 63. Rxg6 b3 64. Rxe6+ Kb5 65. Rb2 Rd3+ 66.
Kg2 Be3 67. Rf6 Bc1 0-1

[Event "DMP - II liga seniorow "]
[Site "Mrzezyno"]
[Date "2011.??.??"]
[Round "5.74"]
[White "Szymanski, Piotr"]
[Black "Kulczyk, Pawel"]
[Result "1-0"]
[WhiteElo "2217"]
[BlackElo "2082"]
[PlyCount "103"]
[EventDate "2011.??.??"]

1. d4 d5 2. Nf3 Nf6 3. c4 dxc4 4. Qa4+ c6 5. Qxc4 g6 6. g3 Bg7 7. Bg2 O-O 8.
O-O Nbd7 9. Nc3 Nb6 10. Qd3 Be6 11. Rd1 Qc8 12. e4 Bh3 13. Bf4 Bxg2 14. Kxg2
Rd8 15. Rac1 Nh5 16. Bg5 Qd7 17. Qe2 h6 18. Be3 Nf6 19. b3 Ng4 20. Bf4 Nf6 21.
h3 Rac8 22. a4 Qe8 23. Ne5 Nbd7 24. Nc4 Nf8 25. a5 Ne6 26. Be3 Nc7 27. Bf4 Nb5
28. Nxb5 cxb5 29. Na3 Rxc1 30. Bxc1 a6 31. d5 Qd7 32. Bb2 Qc7 33. b4 Nd7 34.
Rc1 Qd6 35. Bxg7 Kxg7 36. Qb2+ Kh7 37. Qc3 Ne5 38. f4 Nd7 39. Nc2 f5 40. exf5
Qxd5+ 41. Kh2 gxf5 42. Ne3 Qe6 43. Qd3 Rf8 44. g4 Qe4 45. Qxe4 fxe4 46. Rc7 Rd8
47. Nd5 Nb8 48. Rxe7+ Kg6 49. f5+ Kg5 50. Rg7+ Kh4 51. Ne3 Rd2+ 52. Ng2+ 1-0